| 000 | 00781nam a2200217 a 4500 | ||
|---|---|---|---|
| 001 | BRCA_31 | ||
| 005 | 20190320202843.0 | ||
| 008 | 960829s1994 mx-a---##b---#000-0#spa-# | ||
| 020 | _a9688591548 | ||
| 040 |
_aDLC _cDLC |
||
| 050 | 4 |
_aN910.M3 _b.M67 1994 |
|
| 100 | 1 |
_aMorales Moreno, Luis Gerardo _9146 |
|
| 245 | 1 | 0 |
_aOrígenes de la museología mexicana _bfuentes para el estudio histórico del Museo Nacional, 1780-1940 _cLuis Gerardo Morales Moreno. |
| 260 |
_aMéxico _bUniversidad Iberoamericana, Departamento de Historia _c1994 |
||
| 300 |
_a285 p. _bil. _c24 cm. |
||
| 440 | 0 |
_aClaves para la historia _9147 |
|
| 504 | _aIncluye referencias bibliográficas | ||
| 610 | 2 | 4 |
_aMuseo Nacional de México _xHistoria _9148 |
| 650 | 1 | 4 |
_aMuseos _xHistoria _zMéxico _9149 |
| 942 |
_2lcc _cB |
||
| 999 |
_c31 _d31 |
||